00519nam a22001457a 4500020001500000040000900015082001700024100002900041245009900070260003500169650003300204942001200237999001900249952010500268 a0079097022 cNust a621.815bNOR aHarry norton, Sr9127383 aDesign of machinery bAn introduction to the synthesis and analysis of mechanism and machines  aNew York:bMcGraw HIll,c1992. aDesign of machinery 9125384 2ddccBK c612520d612520 00102ddc4070aCEMEbCEMEcGENd2025-01-07l0o621.815 NORpCEME-33165r2025-01-07w2025-01-07yBK